Mónica Explora os Mistérios do Alentejo (Registo nº 33895)
[ vista simples ]
| 000 -Etiqueta do registo | |
|---|---|
| Valores | 00620nam a2200229 4500 |
| 010 ## - Número ISBN | |
| ISBN | 9789895433483 |
| 021 ## - Número do Depósito Legal | |
| -- | PT |
| 090 ## - | |
| -- | 33895 |
| 100 ## - Dados gerais de processamento | |
| Dados gerais | 20211213 frey50 |
| 101 ## - Língua de publicação | |
| -- | por |
| 102 ## - País de publicação | |
| -- | PT |
| 200 ## - Titulo e menção de responsabilidade | |
| Título próprio | Mónica Explora os Mistérios do Alentejo |
| Primeira menção de responsabilidade | Mafalda Bernardes da Silva |
| Outras menções de responsabilidade | Luís Delgado |
| 205 ## - Menção da edição | |
| Edição | 2.ª edição |
| 210 ## - Publicação | |
| Local de publicação | Évora |
| Nome do editor | BR Edições |
| Data de publicação | 2021 |
| 215 ## - Descrição física | |
| Paginação / Volumes | 66 p. |
| Dimensões | 30 cm |
| 500 ## - Título uniforme | |
| Título uniforme | Mafalda Explora os Mistérios do Alentejo |
| 700 ## - Autor principal (pessoa individual) | |
| -- | 070 |
| Apelido | Silva |
| Nome | Mafalda Bernardes da |
| 701 ## - Co-autor principal (pessoa individual) | |
| -- | 440 |
| Apelido | Delgado |
| Nome | Luís |
| 801 ## - Fonte de origem | |
| País | PT |
| Regras de catalogação | RPC |
| 990 ## - Elementos KOHA | |
| Tipo de documento | Livro |
| 994 ## - Estado da catalogação | |
| -- | COMP |
| Situação do levantamento | Estado | Biblioteca de origem | Biblioteca de empréstimo | Código de barras | Cota | Permissão de empréstimo | Tipo de documento |
|---|---|---|---|---|---|---|---|
| Completo | Biblioteca da Escola Básica de Aguiar | Biblioteca da Escola Básica de Aguiar | 710 BA | 087.5 SIL | Disponível | Livro | |
| Completo | Biblioteca da Escola Básica e Secundária Dr Isidoro de Sousa | Biblioteca da Escola Básica e Secundária Dr Isidoro de Sousa | 7909 | 087.5 SIL | Disponível | Livro | |
| Completo | Biblioteca do Centro Escolar de Viana do Alentejo | Biblioteca do Centro Escolar de Viana do Alentejo | 2133 BV | 087.5 SIL | Disponível | Livro |